00334nam a2200133Ia 4500008004100000020001500041041001200056082001600068100001800084245004700102260002500149300000800174650001800182221030s9999 xx 000 0 und d a8120317084 aEnglish a105.23bRob aS. P. Robbins 0aOrganisational Behaviourcby S. P. Robbins bPHIaNew Delhic2002 a643 aBE Management